Autentifikácia emócií operátora na základe výrazu tváre

Gespeichert in:
Bibliographische Detailangaben
1. Verfasser: Kocúr, Maroš (Verfasst von)
Weitere Verfasser: Tölgyessy, Michal (Betreuung Doktorarbeit)
Format: Manuskript Buch
Sprache:Slowakisch
Veröffentlicht: 2025
Schlagworte:
Online-Zugang:http://is.stuba.sk/zp/portal_zp.pl?podrobnosti=184490
Tags: Tag hinzufügen
Keine Tags, Fügen Sie das erste Tag hinzu!

MARC

LEADER 00000ntm a22000003a 4500
001 stuzp102228
003 SK-STU
005 20250614211048.7
007 ta
008 150427s2015----xo-----f-mn---000-0-slo-d
040 |a STU  |b slo 
041 0 |a slo 
100 1 |a Kocúr, Maroš  |u 031000  |4 aut  |U FEI Fakulta elektrotechniky a informatiky  |T FEI Ústav robotiky a kybernetiky  |X 111119  |U E011  |Y 356  |7 111119 
242 0 1 |a Operator Emotion Authentication Based on Facial Expression  |y eng 
245 1 0 |a Autentifikácia emócií operátora na základe výrazu tváre 
260 |c 2025 
650 4 |a RGB camera  |2 eng 
650 4 |a facial expressions  |2 eng 
650 4 |a emotions  |2 eng 
650 4 |a authentication  |2 eng 
650 4 |a ROS  |2 eng 
650 4 |a neural network  |2 eng 
650 4 |a RGB kamera  |2 slo 
650 4 |a výrazy tváre  |2 slo 
650 4 |a emócie  |2 slo 
650 4 |a autentifikácia  |2 slo 
650 4 |a ROS  |2 slo 
650 4 |a Neurónová sieť  |2 slo 
700 1 |a Tölgyessy, Michal  |u 031000  |k Z1  |4 ths  |U FEI Fakulta elektrotechniky a informatiky  |T FEI Ústav robotiky a kybernetiky  |X 22286  |U E011  |Y 356  |7 A000022286 
856 4 |u http://is.stuba.sk/zp/portal_zp.pl?podrobnosti=184490